Agreement amending loan agreement 1949 (Record no. 684303)

MARC details
000 -LEADER
fixed length control field 00987nam a2200253Ia 4500
003 - CONTROL NUMBER IDENTIFIER
control field OSt
005 - DATE AND TIME OF LATEST TRANSACTION
control field 20220927103618.0
008 - FIXED-LENGTH DATA ELEMENTS--GENERAL INFORMATION
fixed length control field 220926b |||||||| |||| 00| 0 eng d
037 ## - SOURCE OF ACQUISITION
Terms of availability Reference Collections
040 ## - CATALOGING SOURCE
Original cataloging agency RTL
Transcribing agency RTL
Language of cataloging eng
041 ## - LANGUAGE CODE
Source of code eng
Language code of text/sound track or separate title eng
110 ## - MAIN ENTRY--CORPORATE NAME
Corporate name or jurisdiction name as entry element Inteernational bank for Reconstruction and Development and Hidronor S A Hidroelectrica. Norpatagonica Sociedad Anonima
9 (RLIN) 360523
245 #0 - TITLE STATEMENT
Title Agreement amending loan agreement 1949
Remainder of title El Chocon power project.
260 ## - PUBLICATION, DISTRIBUTION, ETC.
Place of publication, distribution, etc. New
Name of publisher, distributor, etc. York International Bank for Reconstruction and Development U
Date of publication, distribution, etc. 1973
300 ## - PHYSICAL DESCRIPTION
Extent 7p.
Dimensions cm.
650 ## - SUBJECT ADDED ENTRY--TOPICAL TERM
Topical term or geographic name entry element Foreign Loan
9 (RLIN) 360524
700 ## - ADDED ENTRY--PERSONAL NAME
Personal name Inteernational bank for Reconstruction and Development and Hidronor S A Hidroelectrica. Norpatagonica Sociedad Anonima
9 (RLIN) 360525
942 ## - ADDED ENTRY ELEMENTS (KOHA)
Classification part "X755:(Z,3), H9.58-1/UN"
Koha item type
Holdings
Withdrawn status Lost status Damaged status Not for loan Home library Current library Date acquired Total Checkouts Full call number Barcode Date last seen Price effective from Koha item type
        Ratan Tata Library Ratan Tata Library 2022-09-27   "X755:(Z,3) H9.58-1/UN" RT0624440 2022-09-27 2022-09-27  
Copyright @ Delhi University Library System